000 00485ntaaa2200181 4500
003 01
005 20251027201314.0
008 0714s1973 ag 01
040 _aAR-BaBN
_bspa
_cAR-BaBN
_eaacr
_dRIC
082 _a222.0000 H55
100 _aHill, John L.
_93828
245 _aFrom Joshua to David
250 _a1 ed. :
_bSunday School Board of the Southern Baptist Convention,
_cc1934
300 _a87 p.
650 _aBiblia-A.T.
_95519
650 _aBiografĂ­as BĂ­blicas
942 _cBK
999 _c7480
_d7480